Dossier

Saved in:

Main Author: Abbès Zouache

Format: Book

Language: Undetermined

Published: Cairo Institut français d'archéologie orientale 2025

Series: AnIsl 59

Subjects:

Tags: Add Tag

No Tags, Be the first to tag this record!

Call Number: On Hold

LEADER 00733nam a2200205Ia 4500
005 20260324113529.0
008 260324s9999||||xx |||||||||||||| ||und||
020 |a 9782724711073 
050 4 |a On Hold 
100 0 |a Abbès Zouache 
245 1 0 |a Dossier   |c Abbès Zouache 
246 0 |a Annales islamologiques 59 
264 1 |a Cairo  |b Institut français d'archéologie orientale  |c 2025 
300 |a 354 pages  |c 28 cm 
490 0 |a AnIsl 59 
650 4 |a Anthropology of textual and material signs 
650 4 |a Authorial and legal functions of names and signatures 
650 4 |a Medieval Islamic history and culture 
650 4 |a Noms et signatures dans le Proche-Orient médiéval. Approches auctoriale, juridique et sociétale 
999 |c 61891  |d 61891